| 000 | 00439nam a2200193Ia 4500 | ||
|---|---|---|---|
| 005 | 20240823045206.0 | ||
| 008 | 240823s9999||||xx |||||||||||||| ||und|| | ||
| 041 | _aENGLISH | ||
| 082 | _A4.6 | ||
| 100 | _aMayilvel Kumar P | ||
| 245 | 0 | _aComputer networks | |
| 250 | _a1st | ||
| 260 | _bN . V Publica | ||
| 500 | _aTRANSFERED | ||
| 650 |
_aNetworks _bComputer Science |
||
| 700 | _a Kathiravan P | ||
| 942 | _cBK | ||
| 999 |
_c214390 _d214390 |
||